Disney mal décrits #2 - Statistiques

Statistiques générales
  • Ce quiz a été pris 55 fois
  • Le résultat moyen est 3 sur 15
Statistiques - réponses
Description Personnage % Correct
Une seumlarde qui passe sa vie à se venger prck elle a une vie de merde, seule avec son corbeau Maléfique
67%
Une femme qui n'a jamais de problème avec la pluie Mary Poppins
41%
Une méchante qui a pris la partie la moins intéressante de la princesse Ursula
39%
Un petit homme toujours aigri et agressif Grincheux
33%
Un sage fou qui lit dans les noix de coco Rafiki
28%
Une femme qui a du buzz juste parce qu'elle est jolie Belle
26%
Un petit garçon qui a pas compris qu'on suit pas les inconnus sous MD qui parlent aux hiboux Arthur
24%
Un pélo qui se croit au-dessus de tout alors qu'il peut dire que 3 phrases pré-enregistrées Buzz l'éclair
24%
Un mec qui pue de la gueule physiquement et qui a une barbichette marrante Jafar
17%
Un charo sans argent et michto qui fait le kéké Clochard
7%
Une petite blonde niaise et jalouse qui a un gros cul Clochette
7%
Une pick me coquette qui veut juste que son collègue la remarque Bianca
2%
Une femme seule qui n'a pas compris le principe de l'héritage Adélaïde
0%
Si Jean-Marie Le Pen était dans un Disney John Ratcliffe
0%
La définition même de "recopie pas sur ton voisin" Timon
0%
Aucun quiz correspondant
Distribution des résultats
% des personnes avec chaque résultat
Percentile par nombre de réponses
Votre historique - résultats
Vous n’avez pas pris ce quiz